Horse & Pony Breeds - Statistics

General Stats
  • This quiz has been taken 82 times
  • The average score is 14 of 33
Answer Stats
Picture Answer % Correct
Arabian
95%
Appaloosa
92%
Shetland
87%
Thoroughbred
83%
Clydesdale
80%
Fjord
77%
Shire
75%
Quarter Horse
73%
Mustang
62%
Haflinger
55%
Icelandic
55%
Akhal-Teke
50%
Friesian
48%
Morgan
47%
Andalusian
42%
Belgian
40%
Dartmoor
40%
Gypsy Vanner
38%
Lipizzan
38%
Standard Bred
32%
Falabella
30%
Connemara
28%
Paint Horse
27%
Suffolk Punch
25%
New Forest
17%
Exmoor Pony
15%
Dutch Draft
13%
Konik
12%
Black Forest Horse
10%
Sorraia
10%
Hackney
8%
Highland
8%
Bashkir Curly
3%
No matching quizzes found
Score Distribution
Percent of People with Each Score
Percentile by Number Answered
Your Score History
You have not taken this quiz